000 00681cam a22002533a 4500
001 24382
003 PGUSA
005 20140828083524.0
008 080121s2008||||xxu|||||s|||||000 1 eng d
040 _aPGUSA
_beng
042 _adc
050 4 _aPS
100 1 _aBerryman, John,
_d1919-1988
245 1 0 _aVigorish
_h[electronic resource] /
_cJohn Berryman
260 _bProject Gutenberg,
_c2008
506 _aPublic domain in the USA.
516 _aElectronic text
653 _aScience fiction
653 _aShort stories
653 _aParapsychology -- Fiction
830 0 _aProject Gutenberg
_v24382
856 4 0 _uhttp://www.gutenberg.org/ebooks/24382
942 _cEB
999 _c253637
_d253637